000 00726nam a2200241Ia 4500
003 OSt
005 20220930192539.0
006 a|||||r|||| 00| 0
007 ta
008 220926b |||||||| |||| 00| 0 eng d
024 _a10307
037 _cDissertations
040 _aCRL
_cCRL
_beng
041 _2eng
_aeng
100 _aIndira K.
_9561322
110 _aUniversity of Delhi. Faculty of Science. Department of Botany
245 0 _aStudies in the viscaseae morphology and embryology of eubrachion ambiguum (Hook.et arn.Engl)
260 _c1968
650 _aBOTANY
700 _aUniversity of Delhi. Faculty of Science. Department of Botany
942 _cDIS
_2CC
999 _c895312
_d895312